| 000 | 01095nam a2200241Ia 4500 | ||
|---|---|---|---|
| 003 | Ost | ||
| 005 | 20260507075515.0 | ||
| 008 | 260507s9999||||xx |||||||||||||| ||und|| | ||
| 020 | _a9789957244347 | ||
| 040 | _cfsecg | ||
| 041 | _aara | ||
| 082 | _a519.53 | ||
| 100 |
_aطعمة، حسن ياسين _eمؤلف |
||
| 245 | 0 |
_aطرق الإحصاء الوصفي / _c حسن ياسين طعمة |
|
| 246 | _aDéscriptive Statistics Méthods | ||
| 260 |
_aعمان: _bدار صفاء للنشر, _c2009 |
||
| 300 |
_a436 صفحة؛ _bإيضاحات ؛ _c25 سم |
||
| 504 | _aببليوغرافيا:ص ص.425-428 الملاحق:ص ص.431-436 | ||
| 520 | _aمقدمة في علم الإحصاء،جمع وتبويب البيانات وطرق عرضها،مقاييس النزعة المركزية،مقاييس الموقع،مقاييس التشتت،الإرتباط الخطي البسيط،الإنحدار والتنبؤ،تحليل السلاسل الزمنية | ||
| 653 | _aالإحصاء الوصفي | ||
| 700 |
_aحنوش، حسين _eمؤلف ثانوي |
||
| 942 | _cكتاب | ||
| 999 |
_c44749 _d44749 |
||